000 00302nam a2200145Ia 4500
100 _aSTAPLES/WALTER DOYLE
650 _aGeneral
942 _cBK
366 _f20
245 _aThink Like A Winner
260 _bSAKET PRAKSHAN
_aPune
_c2011
082 _a170/STA
300 _a304
546 _aENGLISH
999 _c30038
_d30038